Характеристики работы водяного теплового насоса в условиях образования льда на поверхности трубки испарителя: диссертация на соискание учёной степени кандидата технических наук; спец. 05.14.04
| Autore principale: | |
|---|---|
| Ente Autore: | |
| Altri autori: | |
| Riassunto: | Заглавие с титульного экрана Электронная версия печатной публикации Защита сост. 26.06.2019 г. |
| Lingua: | russo |
| Pubblicazione: |
Томск, 2019
|
| Soggetti: | |
| Accesso online: | http://earchive.tpu.ru/handle/11683/53314 |
| Natura: | Elettronico Libro |
| KOHA link: | https://koha.lib.tpu.ru/cgi-bin/koha/opac-detail.pl?biblionumber=342924 |
MARC
| LEADER | 00000nlm0a2200000 4500 | ||
|---|---|---|---|
| 001 | 342924 | ||
| 005 | 20240117142828.0 | ||
| 035 | |a (RuTPU)RU\TPU\book\372435 | ||
| 035 | |a RU\TPU\book\372431 | ||
| 090 | |a 342924 | ||
| 100 | |a 20190516d2019 k y0rusy50 ca | ||
| 101 | 0 | |a rus | |
| 102 | |a RU | ||
| 105 | |a a m 000zy | ||
| 135 | |a drcn ---uucaa | ||
| 181 | 0 | |a i | |
| 182 | 0 | |a b | |
| 200 | 1 | |a Характеристики работы водяного теплового насоса в условиях образования льда на поверхности трубки испарителя |e диссертация на соискание учёной степени кандидата технических наук |e спец. 05.14.04 |f Салум Амер |g Национальный исследовательский Томский политехнический университет ; науч. рук. Г. В. Кузнецов | |
| 203 | |a Текст |c электронный | ||
| 210 | |a Томск |d 2019 | ||
| 215 | |a 1 файл (5 666 КБ) | ||
| 300 | |a Заглавие с титульного экрана | ||
| 300 | |a Электронная версия печатной публикации | ||
| 300 | |a Защита сост. 26.06.2019 г. | ||
| 606 | 1 | |a Тепловые насосы |2 stltpush |3 (RuTPU)RU\TPU\subj\59570 |9 77080 | |
| 610 | 1 | |a электронный ресурс | |
| 610 | 1 | |a труды учёных ТПУ | |
| 610 | 1 | |a диссертации | |
| 610 | 1 | |a характеристики | |
| 610 | 1 | |a водяные насосы | |
| 610 | 1 | |a тепловые насосы | |
| 610 | 1 | |a лед | |
| 610 | 1 | |a поверхности | |
| 610 | 1 | |a трубки | |
| 610 | 1 | |a испарители | |
| 610 | 1 | |a низкие температуры | |
| 610 | 1 | |a таяние | |
| 610 | 1 | |a непроточные водоемы | |
| 610 | 1 | |a теплонасосные установки | |
| 610 | 1 | |a термогравитационная конвекция | |
| 610 | 1 | |a фреоны | |
| 610 | 1 | |a теплообмен | |
| 675 | |a 621.577(04) |v 4 | ||
| 686 | |a 05.14.04 |2 oksvnk | ||
| 700 | 0 | |a Салум Амер | |
| 702 | 1 | |a Кузнецов |b Г. В. |c специалист в области теплоэнергетики |c профессор Томского политехнического университета, доктор физико-математических наук |f 1949- |g Гений Владимирович |3 (RuTPU)RU\TPU\pers\25528 |4 727 |9 11458 | |
| 712 | 0 | 2 | |a Национальный исследовательский Томский политехнический университет |b Инженерная школа энергетики |b Научно-образовательный центр И. Н. Бутакова (НОЦ И. Н. Бутакова) |3 (RuTPU)RU\TPU\col\23504 |
| 801 | 2 | |a RU |b 63413507 |c 20190522 |g RCR | |
| 856 | 4 | |u http://earchive.tpu.ru/handle/11683/53314 | |
| 942 | |c CF | ||